| 000 | 00928nam a22002177a 4500 | ||
|---|---|---|---|
| 999 |
_c7055 _d7055 |
||
| 003 | AR-CdUCM | ||
| 008 | 190319b ||||| |||| 00| 0 spa d | ||
| 040 |
_aMUNICIPALIDAD PROVINCIAL DEL CUSCO _cBIBLIOTECA MUNICIPAL DEL CUSCO |
||
| 041 | _hrus | ||
| 082 |
_a621.03 / _bS71 |
||
| 100 |
_aSotskov, B. _919875 |
||
| 245 | _aFundamentos de la teoría y del cálculo de fiabilidad de elementos y dispositivos de automatización y técnica del cálculo / | ||
| 260 |
_aMoscú : _bMir, _c1972. |
||
| 300 |
_a262 páginas ; _bIlustraciones, _c22 cm. |
||
| 505 | _aProblema de fiabilidad y su importancia para la técnica moderna -- Características fundamentales de la fiabilidad y dependencias entre ellas -- Fiabilidad de aparatos -- Fiabilidad de equipos -- Física de los fallos ... | ||
| 650 |
_aRegulación mecánica _919876 |
||
| 650 |
_aTeoría _95077 |
||
| 700 |
_aGrdian, A. _919877 |
||
| 942 |
_2ddc _cLIBROS |
||
| 945 | _aacv | ||